000 00258nam a2200109 4500
082 _a005.1RUB
100 _aRubin, Kenneth S.
245 _aDeveloping Object Oriented Software
260 _aNew Jersey:
_bPrentice-Hall,
_c1997.
300 _a636p. ;
942 _cBK
999 _c5306
_d5306